Entry Nombre personal
001 - NÚMERO DE CONTROL
- campo de control: 170604
003 - IDENTIFICADOR DE NÚMERO DE CONTROL
- campo de control: SpMaBN
005 - FECHA Y HORA DE LA ÚLTIMA TRANSACCIÓN
- campo de control: 20230629205057.0
008 - ELEMENTOS DE DATO DE LONGITUD-FIJA
- campo de control de longitud fija: 900725nn ainnnaabn a aaa
010 ## - NÚMERO DE CONTROL DE LA BIBLIOTECA DEL CONGRESO
- Número de control de LC: XX1236469
016 ## - NÚMERO DE CONTROL DE UNA AGENCIA BIBLIOGRÁFICA NACIONAL
- Número de control del registro: BNE19974306722
024 7# - IDENTIFICADOR DE OTROS ESTÁNDARES
- Número estándar o código: http://viaf.org/viaf/315538144/
- Fuente: viaf
040 ## - FUENTE DE CATALOGACIÓN
- Centro catalogador/agencia de origen: SpMaBN
- Lengua de catalogación: spa
- Centro/agencia transcriptor: SpMaBN
- Normas de descripción: rdc
- Convención/Normas de encabezamiento de materia/tesauro: embne
046 ## - FECHAS CON CODIFICACIÓN ESPECIAL
- Fecha de nacimiento: 1852
- Fecha de la muerte: 1912
100 1# - ENCABEZAMIENTO-NOMBRE DE PERSONA
- Nombre de persona: Álvarez Buylla y González Alegre, Arturo,
- Fechas asociadas al nombre: 1852-1912
370 ## - LUGAR ASOCIADO
- Lugar de nacimiento: Oviedo, Asturias, España
- Fuente del término: embne
- Fuente del término: embne
370 ## - LUGAR ASOCIADO
- Lugar de fallecimiento: Oviedo, Asturias, España
- Fuente del término: embne
- Fuente del término: embne
374 ## - OCUPACIÓN
- Ocupación: Médicos
- Ocupación: Políticos
- Fuente del término: embne
375 ## - GÉNERO/SEXO
- Género: Masculino
377 ## - IDIOMA ASOCIADO
- Término de lengua/lenguaje: Español
400 1# - TRAZADO DE VÉASE--NOMBRE DE PERSONA
- Nombre de persona: Álvarez Builla y González Alegre, Arturo.
- Fechas asociadas al nombre: 1852-1912
400 1# - TRAZADO DE VÉASE--NOMBRE DE PERSONA
- Nombre de persona: Builla Alegre, Arturo,
- Fechas asociadas al nombre: 1852-1912
400 1# - TRAZADO DE VÉASE--NOMBRE DE PERSONA
- Nombre de persona: Buylla y Alegre, Arturo,
- Fechas asociadas al nombre: 1852-1912
670 ## - FUENTE DE DATOS ENCONTRADOS
- Cita de la fuente: Elementos de hidrología médica, 1887
- Información encontrada: port. (Arturo Builla Alegre; médico-director de baños en propiedad ( por oposición))
670 ## - FUENTE DE DATOS ENCONTRADOS
- Cita de la fuente: WWW ABEPI, 28-4-2015
- Información encontrada: (Álvarez Builla y González Alegre, Arturo: n. en 1852 en Oviedo y m. en 1912 en la misma ciudad; abogado, canónigo, médico)
670 ## - FUENTE DE DATOS ENCONTRADOS
- Cita de la fuente: WWW Enciclopedia de Oviedo, 29-4-2015
- Información encontrada: (Álvarez-Buylla y González Alegre, Arturo: médico, escritor y político español; n. en Oviedo el 2-6-1852 y m. el 11-12-1912.También se dedicó a la literatura, colaborando con El Carbayón y la Revista de Oviedo bajo el pseudónimo de «Doctor Serio»)
